000 01163nam a2200241 a 4500
999 _c447486
_d447486
003 BLK
005 20230727123908.0
008 220308b bu |||||||||| 00| | bu d
040 _aBLK
041 _aBUL
_cBUL
080 _aВетеринарна наука
_b636.09
_x(497.215)(062)
_z636.09(497.215)(062)
139 _aСъветският опит във ветеринарно-медицинската практика на Русенски окръг
_bС 96
245 _aСъветският опит във ветеринарно-медицинската практика на Русенски окръг
_h[Малотир. изд.]
260 _9441842
_aРусе
_bб. и.
_c1978
300 _a38 с.
_c23 см
380 _a63
500 _aОК за Българо-съветска дружба ; ОС на БПС ; Окръжен ветеринарно-медицински център - Клуб за българо-съветска дружба.
653 7 _9183158
_aветеринарна медицина
653 7 _9200586
_aчелен опит
852 _bК
_cК 63/С 96
942 _cKNG
_n0
_s1
_01
944 _aCR
_c2022-03-08
_k30556
_lТеодора Пейчева-Дянкова